000 00658nam a22002297a 4500
005 20241107143345.0
010 _aENG-139163 ENNG-141682
020 _c1800.00
_a9789381574218
035 _aEN-122695
035 _aEN-125214
037 _bDBAD
082 _a954.31
100 _aWilson, C R
_973787
245 _aThe Early Annals of the English in Bengal /
_cBy C R Wilson
260 _aKolkata
_bThe Asiatic Society
_c2014
270 _a1,Park Street
_bKolkata
_e700016
300 _a460p.
_c25cm(hb)
300 _a422p
_c25cm(hb)
490 _vVol 1, Vol 2
700 _aDesikan Kalyani
_961856
942 _2ddc
_cEN
_h954.31
_mWIL
999 _c200630
_d200630